[Event "OLOA 1920 SG 1871 Löberitz - SV Rochade"]
[Site "?"]
[Date "2021.07.17"]
[Round "10.4"]
[White "Schuetze, Norman"]
[Black "Kahe, Ralph"]
[Result "0-1"]
[WhiteElo "2310"]
[BlackElo "2172"]
[PlyCount "178"]
[EventDate "2021.??.??"]
[EventType "team-tourn"]

1. e4 g6 2. d4 Bg7 3. Nc3 d6 4. h3 a6 5. a4 b6 6. Nf3 Bb7 7. Bc4 e6 8. O-O Nf6
9. Qe2 O-O 10. Bf4 h6 11. Rad1 Nbd7 12. Rfe1 Nxe4 13. Nxe4 d5 14. Bd3 dxe4 15.
Bxe4 Bxe4 16. Qxe4 Nf6 17. Qe2 Qd7 18. b3 c6 19. Ne5 Qb7 20. Qf3 Rfc8 21. Bxh6
Bxh6 22. Qxf6 Bg7 23. Qf3 Qc7 24. h4 c5 25. h5 cxd4 26. hxg6 fxg6 27. Nxg6 Re8
28. Rxe6 Rxe6 29. Qxa8+ Kf7 30. Nh4 Qxc2 31. Qf3+ Rf6 32. Qd5+ Re6 33. Re1 Qc6
34. Qf5+ Bf6 35. Qg6+ Kf8 36. Qh6+ Ke8 37. Rc1 Qd5 38. Ng6 Rc6 39. Re1+ Re6 40.
Qf8+ Kd7 41. Rc1 Rc6 42. Re1 Re6 43. Rf1 Qg5 44. Qf7+ Kd6 45. g3 Bd8 46. Nf4
Rf6 47. Qh5 Qg8 48. Nd3 Qxb3 49. Qe5+ Kd7 50. Qxd4+ Rd6 51. Qg7+ Kc8 52. Qg4+
Kb8 53. Ne5 Qd5 54. Re1 Qd2 55. Nf3 Qc3 56. Qf4 Bc7 57. Re8+ Kb7 58. Qg4 Rd8
59. Rxd8 Bxd8 60. Nd4 Qa1+ 61. Kg2 Qxa4 62. Qe4+ Kc8 63. Qa8+ Kd7 64. Qd5+ Kc8
65. g4 Qd7 66. Qa8+ Kc7 67. Qe4 Bf6 68. Nf3 Qg7 69. Qc4+ Kb7 70. Qd5+ Ka7 71.
g5 Bb2 72. Kh3 a5 73. Kg4 a4 74. Qc4 a3 75. Qa4+ Kb8 76. Qb3 Qd7+ 77. Kf4 Kb7
78. Ke3 Qe7+ 79. Kd2 Qc5 80. Ke2 b5 81. Nd2 Qxg5 82. Ne4 Qe5 83. Kd3 Kc6 84.
Qc2+ Kb6 85. Qb1 Qd5+ 86. Ke2 Be5 87. Nd2 a2 88. Qg6+ Ka5 89. f4 Bc3 0-1

[Event "OLOA 1920 SG 1871 Löberitz - SV Rochade"]
[Site "?"]
[Date "2021.07.17"]
[Round "10.7"]
[White "Hoffmann, Uwe"]
[Black "Proehl, Holger"]
[Result "0-1"]
[WhiteElo "2087"]
[BlackElo "2333"]
[PlyCount "86"]
[EventDate "2021.??.??"]
[EventType "team-tourn"]

1. d4 b5 2. e4 Bb7 3. Nd2 a6 4. b3 b4 5. Bb2 e6 6. Bd3 Nf6 7. Ngf3 d5 8. Qe2
Be7 9. e5 Nfd7 10. a3 a5 11. a4 c5 12. dxc5 Nc6 13. Bb5 Bxc5 14. h4 Qb6 15. Ng5
h6 16. Ngf3 Ba6 17. Bxa6 Qxa6 18. Qd3 Bb6 19. O-O O-O 20. Rfe1 Rfc8 21. Nf1
Qxd3 22. cxd3 Nc5 23. d4 Nd3 24. Rab1 Nxb2 25. Rxb2 Nxd4 26. N1d2 Rc3 27. Nxd4
Bxd4 28. Nb1 Rd3 29. Rd2 Rxd2 30. Nxd2 Rc8 31. Nf3 Bb6 32. Rd1 Rc3 33. Nd2 Bc7
34. Re1 Rc2 35. Nf1 Bb6 36. Ne3 Rc3 37. Kf1 Rxb3 38. Rc1 Bxe3 39. Rc8+ Kh7 40.
fxe3 Ra3 41. Rc7 Rxa4 42. Rxf7 b3 43. Rb7 Rb4 0-1

[Event "OLOA 1920 SG Leipzig II - SG AE Magdebu"]
[Site "?"]
[Date "2021.07.17"]
[Round "10.1"]
[White "Rothe, Guido"]
[Black "Schultz, Andreas"]
[Result "0-1"]
[WhiteElo "2171"]
[BlackElo "2189"]
[PlyCount "92"]
[EventDate "2021.??.??"]
[EventType "team-tourn"]

1. e4 e6 2. d4 d5 3. Nc3 Nf6 4. e5 Nfd7 5. f4 c5 6. Nf3 Nc6 7. Be3 a6 8. Qd2 b5
9. dxc5 Bxc5 10. Ne2 Qb6 11. Ned4 Nxd4 12. Nxd4 b4 13. O-O-O O-O 14. Re1 a5 15.
f5 Ba6 16. Bxa6 Rxa6 17. Nf3 exf5 18. Bxc5 Nxc5 19. Qxd5 a4 20. Kb1 b3 21. cxb3
axb3 22. a3 Rd8 23. Qc4 Ra4 24. Qe2 Rda8 25. Rc1 Ne6 26. Rhd1 g6 27. Rc4 Kg7
28. Rxa4 Rxa4 29. Qd2 Qb7 30. Rc1 Qe4+ 31. Ka1 Nd4 32. Nxd4 Rxd4 33. Qc3 Rd3
34. Qc5 Rd5 35. Qc3 Rxe5 36. Qxb3 Qxg2 37. Rd1 Qc6 38. Qb4 Re4 39. Qd2 Qf6 40.
Qd3 Qe5 41. Rd2 f4 42. Ka2 Re3 43. Qd8 f3 44. a4 Qe6+ 45. Kb1 Qe4+ 46. Ka2 Qc4+
0-1

[Event "OLOA 1920 SG Leipzig II - SG AE Magdebu"]
[Site "?"]
[Date "2021.07.17"]
[Round "10.2"]
[White "Roemling, Sven"]
[Black "Rafayevych, Vilen"]
[Result "1-0"]
[WhiteElo "2192"]
[BlackElo "2139"]
[PlyCount "51"]
[EventDate "2021.??.??"]
[EventType "team-tourn"]

1. Nf3 Nf6 2. g3 d5 3. Bg2 Bf5 4. c4 c6 5. Qb3 Qb6 6. O-O Nbd7 7. Nc3 dxc4 8.
Qxc4 e5 9. Nxe5 Nxe5 10. Qf4 Be6 11. Qxe5 Rd8 12. d3 Ng4 13. Qe4 Rd4 14. Qf3
Qa5 15. Bd2 h5 16. Ne4 Bb4 17. Bc3 Bxc3 18. bxc3 Rd7 19. Qf4 O-O 20. c4 f6 21.
a4 Ne5 22. Qe3 b6 23. h3 Re8 24. Rfc1 Ng6 25. c5 Bd5 26. Nxf6+ 1-0

[Event "OLOA 1920 SG Leipzig II - SG AE Magdebu"]
[Site "?"]
[Date "2021.07.17"]
[Round "10.3"]
[White "Wagner, Benjamin"]
[Black "Pietzsch, Manuel"]
[Result "1-0"]
[WhiteElo "1984"]
[BlackElo "2151"]
[PlyCount "117"]
[EventDate "2021.??.??"]
[EventType "team-tourn"]

1. e4 c5 2. Nf3 d6 3. d4 cxd4 4. Nxd4 Nf6 5. Nc3 g6 6. Be3 Bg7 7. f3 O-O 8. Qd2
Nc6 9. Bc4 Bd7 10. O-O-O Rb8 11. Bb3 Na5 12. Kb1 b5 13. g4 Nc4 14. Bxc4 bxc4
15. h4 Qa5 16. Nd5 Qxd2 17. Nxe7+ Kh8 18. Rxd2 c3 19. Rdh2 Rfe8 20. Nec6 Rxb2+
21. Ka1 Nd5 22. Bc1 Nb4 23. Nxb4 Rxb4 24. Nb3 Be6 25. h5 a5 26. hxg6 fxg6 27.
Bh6 Bf6 28. Bf4 Bg8 29. Bxd6 Rb5 30. a4 Rb7 31. e5 Bxe5 32. Re2 Bxd6 33. Rxe8
Rb4 34. Rd1 Rxa4+ 35. Kb1 Bc7 36. Rde1 Rb4 37. Rc8 Rb8 38. Rxc7 a4 39. Rxc3
axb3 40. Re7 bxc2+ 41. Kxc2 h6 42. Rc6 Rf8 43. Kd2 Bf7 44. Rcc7 Kg7 45. f4 g5
46. f5 Kf6 47. Rxf7+ Rxf7 48. Rxf7+ Kxf7 49. Ke3 Ke7 50. Kd4 Kf7 51. Ke5 Ke7
52. f6+ Kf7 53. Kf5 h5 54. gxh5 g4 55. h6 g3 56. h7 g2 57. h8=Q g1=Q 58. Qh7+
Kf8 59. Qe7+ 1-0

[Event "OLOA 1920 SG Leipzig II - SG AE Magdebu"]
[Site "?"]
[Date "2021.07.17"]
[Round "10.4"]
[White "Greger, Ubald"]
[Black "Koenig, Marco"]
[Result "0-1"]
[WhiteElo "2131"]
[BlackElo "2133"]
[PlyCount "114"]
[EventDate "2021.??.??"]
[EventType "team-tourn"]

1. e4 c5 2. c4 d6 3. Nc3 a6 4. g3 b6 5. Bg2 Bb7 6. Nge2 e6 7. O-O Nf6 8. h3 Qc7
9. d3 Be7 10. a3 O-O 11. Rb1 Rd8 12. Bf4 Nbd7 13. b3 Rac8 14. g4 Ne5 15. Bg3
Ng6 16. f4 Qd7 17. g5 Ne8 18. h4 f5 19. exf5 Bxg2 20. Kxg2 exf5 21. d4 Nc7 22.
d5 Re8 23. Qd3 Nf8 24. Be1 b5 25. Ng3 g6 26. Nce2 h5 27. Bc3 Nh7 28. Ba1 Bf8
29. Nxh5 gxh5 30. g6 Bg7 31. gxh7+ Kxh7 32. Ng3 Bxa1 33. Rxa1 Rg8 34. Kh3 Rcf8
35. Rg1 Qf7 36. Rae1 Rg4 37. Re3 Rxf4 38. Rge1 Qf6 39. Re7+ Rf7 40. Qe3 Rxh4+
41. Kg2 Rg4 42. Kf2 Kg6 43. Rxc7 Rxc7 44. Qe8+ Qf7 45. Re6+ Kh7 46. Nxh5 Rg6
47. Qd8 Rxe6 48. dxe6 Qe7 49. Qe8 Qxe8 50. Nf6+ Kg6 51. Nxe8 Re7 52. Nxd6 Rxe6
53. Nb7 bxc4 54. bxc4 Re5 55. Kf3 Kf6 56. Na5 Re4 57. a4 Ke6 0-1

[Event "OLOA 1920 SG Leipzig II - SG AE Magdebu"]
[Site "?"]
[Date "2021.07.17"]
[Round "10.5"]
[White "Noack, Marcel"]
[Black "Beltz, Franziska"]
[Result "1/2-1/2"]
[WhiteElo "2027"]
[BlackElo "2072"]
[PlyCount "90"]
[EventDate "2021.??.??"]
[EventType "team-tourn"]

1. Nf3 Nf6 2. d3 d5 3. g3 d4 4. c3 c5 5. cxd4 cxd4 6. Qa4+ Nc6 7. Bg2 Qd7 8. b4
a6 9. Na3 b5 10. Nxb5 Bb7 11. Na3 Nd5 12. Bd2 e5 13. O-O f6 14. Nc2 Be7 15. Qb3
Na7 16. a4 Rc8 17. e4 Nc3 18. Kh1 Bd6 19. Rfc1 Rc7 20. Ncxd4 exd4 21. Nxd4 Nxe4
22. dxe4 Be5 23. Qe6+ Qxe6 24. Nxe6 Re7 25. Nxg7+ Rxg7 26. Ra2 Rd7 27. Be3 Nc6
28. b5 Nb4 29. Rd2 Rxd2 30. Bxd2 Nd3 31. Rf1 Bd4 32. Be3 Bxe3 33. fxe3 Ke7 34.
Kg1 Rc8 35. e5 Bxg2 36. exf6+ Kf7 37. Kxg2 Rc2+ 38. Kf3 axb5 39. axb5 Rb2 40.
Ke4 Nc5+ 41. Kd5 Nd7 42. Kc6 Ne5+ 43. Kc5 Nd7+ 44. Kc6 Ne5+ 45. Kc5 Nd7+
1/2-1/2

[Event "OLOA 1920 SG Leipzig II - SG AE Magdebu"]
[Site "?"]
[Date "2021.07.17"]
[Round "10.7"]
[White "Windelband, Jens"]
[Black "Lauckner, Joerg"]
[Result "1-0"]
[WhiteElo "2123"]
[BlackElo "2042"]
[PlyCount "85"]
[EventDate "2021.??.??"]
[EventType "team-tourn"]

1. e4 c5 2. Nf3 d6 3. d4 cxd4 4. Nxd4 Nf6 5. Nc3 Nc6 6. Be2 g6 7. Be3 Bg7 8.
O-O O-O 9. h3 Bd7 10. Qd2 a6 11. f4 b5 12. Bf2 Rc8 13. Rad1 Nxd4 14. Bxd4 Be6
15. Nd5 Nxd5 16. exd5 Bxd4+ 17. Qxd4 Bf5 18. c3 Rc4 19. Qe3 Qc7 20. Rde1 Re8
21. g4 Bc8 22. Bd1 Qc5 23. Bb3 Qxe3+ 24. Rxe3 Rc5 25. Rfe1 Kf8 26. Kf2 Bb7 27.
Rd1 Rb8 28. Kg3 a5 29. a3 Bc8 30. Rd4 h6 31. Rde4 Rb7 32. Re2 f5 33. Rd4 b4 34.
axb4 axb4 35. cxb4 Rc1 36. Rc2 Rxc2 37. Bxc2 fxg4 38. hxg4 Kf7 39. Ba4 Bd7 40.
Bc6 Rc7 41. b5 e5 42. fxe5 dxe5 43. Rd1 1-0

[Event "OLOA 1920 SG Leipzig II - SG AE Magdebu"]
[Site "?"]
[Date "2021.07.17"]
[Round "10.8"]
[White "Attig, Uwe"]
[Black "Willberg, Frank"]
[Result "0-1"]
[WhiteElo "1859"]
[BlackElo "1882"]
[PlyCount "94"]
[EventDate "2021.??.??"]
[EventType "team-tourn"]

1. e4 d5 2. exd5 Qxd5 3. d4 Nc6 4. Nf3 Bg4 5. Be2 O-O-O 6. c3 e5 7. Nxe5 Bxe2
8. Qxe2 Qxg2 9. Qg4+ Qxg4 10. Nxg4 Re8+ 11. Kd1 h5 12. Ne3 Nf6 13. f3 g6 14.
Ng2 Bd6 15. Bf4 Bxf4 16. Nxf4 g5 17. Ng2 h4 18. Nd2 h3 19. Ne1 g4 20. Rg1 Rhg8
21. fxg4 Nxg4 22. Ndf3 Ne3+ 23. Kd2 Rxg1 24. Nxg1 Nf1+ 25. Kc2 Nxh2 26. Nxh3
Re2+ 27. Kb3 Nxd4+ 28. cxd4 Re3+ 29. Kc2 Rxh3 30. Nd3 Nf3 31. Kc3 Ng5 32. Rg1
Ne4+ 33. Kc4 b5+ 34. Kd5 Nf6+ 35. Ke5 Nd7+ 36. Kd5 Rxd3 37. Kc6 Nb8+ 38. Kxb5
Rxd4 39. Rf1 Rd2 40. b4 Rxa2 41. Rxf7 Kb7 42. Kc4 Nc6 43. Kb3 Ra6 44. Rh7 Rb6
45. Rh4 Rxb4+ 46. Rxb4+ Nxb4 47. Kxb4 Kb6 0-1

[Event "OLOA 1920 SK König Plauen I - Nickelhüt"]
[Site "?"]
[Date "2021.07.17"]
[Round "10.1"]
[White "Pulpan, Jakub"]
[Black "Sandner, Gunter"]
[Result "1-0"]
[WhiteElo "2405"]
[BlackElo "2262"]
[PlyCount "59"]
[EventDate "2021.??.??"]
[EventType "team-tourn"]

1. g3 d5 2. Bg2 Nf6 3. Nf3 g6 4. b3 Bg7 5. Bb2 O-O 6. c4 c6 7. O-O Bf5 8. d3
dxc4 9. bxc4 Qc8 10. Re1 c5 11. Nbd2 Bh3 12. Bh1 Nc6 13. Ne5 Nxe5 14. Bxe5 Ne8
15. Bxg7 Kxg7 16. Rb1 Nd6 17. Qb3 Rb8 18. Qa3 a6 19. Rb6 Qc7 20. Reb1 Nb5 21.
Qa5 Nd4 22. Re1 Rfc8 23. e3 Nc2 24. Reb1 Kg8 25. Ne4 Bf5 26. a3 Qd8 27. Nxc5
Bxd3 28. Rd1 Be2 29. Rxd8+ Rxd8 30. Bd5 1-0

[Event "OLOA 1920 SK König Plauen I - Nickelhüt"]
[Site "?"]
[Date "2021.07.17"]
[Round "10.2"]
[White "Zaehringer, Daniel"]
[Black "Cerveny, Martin"]
[Result "1-0"]
[WhiteElo "2138"]
[BlackElo "2411"]
[PlyCount "49"]
[EventDate "2021.??.??"]
[EventType "team-tourn"]

1. d4 Nf6 2. Bg5 e6 3. e4 h6 4. Bxf6 Qxf6 5. c3 d6 6. Bd3 Nd7 7. Ne2 g5 8. O-O
h5 9. f4 gxf4 10. Nxf4 Qg5 11. Na3 Be7 12. Qf3 h4 13. Rae1 Qg7 14. Nc4 Nb6 15.
e5 Nxc4 16. Bxc4 d5 17. Bd3 Qh6 18. Nxd5 exd5 19. Qxf7+ Kd8 20. Qxd5+ Bd7 21.
e6 Bd6 22. exd7 c6 23. Qf7 Kc7 24. d8=Q+ Kxd8 25. Bf5 1-0

[Event "OLOA 1920 SK König Plauen I - Nickelhüt"]
[Site "?"]
[Date "2021.07.17"]
[Round "10.3"]
[White "Jurasek, Miroslav"]
[Black "Pfretzschner, Roland"]
[Result "1-0"]
[WhiteElo "2238"]
[BlackElo "2219"]
[PlyCount "97"]
[EventDate "2021.??.??"]
[EventType "team-tourn"]

1. e4 c6 2. d4 d5 3. exd5 cxd5 4. Bd3 Nc6 5. c3 Qc7 6. Ne2 Nf6 7. Bf4 e5 8.
dxe5 Nxe5 9. Bb5+ Bd7 10. Bxd7+ Nfxd7 11. O-O O-O-O 12. Nd2 f6 13. Nd4 Qb6 14.
a4 g5 15. Be3 Qa6 16. b4 Qd3 17. Re1 Kb8 18. Qb3 Nc4 19. Rad1 Nde5 20. Nxc4
Qxc4 21. Qc2 Qc8 22. Bxg5 fxg5 23. Rxe5 Qg4 24. Nf3 Qc4 25. Rd4 Qc7 26. Rxg5
Bg7 27. Rdxd5 Qxc3 28. Qxc3 Bxc3 29. b5 h6 30. Rgf5 Rxd5 31. Rxd5 Rc8 32. g3
Rc4 33. Ne5 Rxa4 34. f4 Rd4 35. Nd7+ Kc7 36. Rc5+ Kxd7 37. Rxc3 Rb4 38. Ra3
Rxb5 39. Rxa7 Rb2 40. h4 Kc6 41. Ra5 b5 42. g4 Kd5 43. h5 Ke4 44. g5 hxg5 45.
fxg5 Kf5 46. g6 Rb4 47. Kf2 Rb2+ 48. Ke3 Rb3+ 49. Kd2 1-0

[Event "OLOA 1920 SK König Plauen I - Nickelhüt"]
[Site "?"]
[Date "2021.07.17"]
[Round "10.4"]
[White "Hoerr, Matthias"]
[Black "Heinz, Thomas"]
[Result "1-0"]
[WhiteElo "2153"]
[BlackElo "2185"]
[PlyCount "47"]
[EventDate "2021.??.??"]
[EventType "team-tourn"]

1. e4 e5 2. Nc3 Nc6 3. Nf3 Nf6 4. d4 exd4 5. Nxd4 Bb4 6. Nxc6 bxc6 7. Bd3 h6 8.
O-O d6 9. h3 O-O 10. Qf3 Bxc3 11. bxc3 Nd7 12. Qg3 Qf6 13. f4 Qg6 14. Qf3 Nc5
15. Be3 Nxd3 16. cxd3 Ba6 17. f5 Qf6 18. Bd4 Qh4 19. g3 Qd8 20. f6 g6 21. Be3
Kh7 22. Qf4 g5 23. Qf5+ Kh8 24. Bxg5 1-0

[Event "OLOA 1920 SK König Plauen I - Nickelhüt"]
[Site "?"]
[Date "2021.07.17"]
[Round "10.5"]
[White "Heinz, Juergen"]
[Black "Linnert, Niklas"]
[Result "1-0"]
[WhiteElo "2157"]
[BlackElo "2008"]
[PlyCount "91"]
[EventDate "2021.??.??"]
[EventType "team-tourn"]

1. c4 Nf6 2. Nc3 e5 3. g3 Nc6 4. Bg2 Bb4 5. e3 Bxc3 6. dxc3 e4 7. Ne2 Ne5 8.
O-O Nxc4 9. b3 Nb6 10. c4 d6 11. Bb2 Nbd7 12. Qc2 Qe7 13. Nf4 O-O 14. Nd5 Nxd5
15. cxd5 Nc5 16. Bd4 Bf5 17. Qc3 f6 18. Rfd1 a5 19. Rd2 b6 20. h3 h5 21. Rad1
Kf7 22. Kh2 Rh8 23. Rc2 Ra7 24. Qd2 Qd7 25. Rc3 Rd8 26. Qe2 Bg6 27. Bxc5 bxc5
28. Rc4 Re8 29. h4 a4 30. b4 cxb4 31. Rxb4 c5 32. dxc6 Qxc6 33. Rbd4 Re6 34.
Bh3 f5 35. Qd2 Ra6 36. Bf1 Rb6 37. Bc4 Ke7 38. Bxe6 Kxe6 39. Qa5 Be8 40. a3 g6
41. Kg2 Qc5 42. Qa8 Ke7 43. Qa7+ Ke6 44. Rd5 Qc6 45. Qg7 Qd7 46. Re5+ 1-0

[Event "OLOA 1920 SK König Plauen I - Nickelhüt"]
[Site "?"]
[Date "2021.07.17"]
[Round "10.6"]
[White "Pivtorak, Ilya"]
[Black "Poessel, Christian"]
[Result "0-1"]
[WhiteElo "1596"]
[BlackElo "1992"]
[PlyCount "80"]
[EventDate "2021.??.??"]
[EventType "team-tourn"]

1. d4 Nf6 2. Bf4 g6 3. Nc3 d5 4. Qd2 c6 5. O-O-O b5 6. f3 Nbd7 7. e3 b4 8. Nce2
Nb6 9. Ng3 a5 10. e4 h5 11. e5 Ng8 12. h4 Nh6 13. Bd3 Be6 14. Nh3 Bxh3 15. Rxh3
e6 16. Bg5 Qd7 17. Bf6 Rg8 18. Ne2 a4 19. Qg5 Nc4 20. g4 b3 21. a3 bxc2 22.
Kxc2 Qb7 23. Bxc4 dxc4 24. Rd2 Qb3+ 25. Kc1 hxg4 26. Rg3 Nf5 27. Rxg4 Bh6 28.
Qh5 Bxd2+ 29. Kxd2 Qxb2+ 30. Ke1 c3 31. Qh7 Qd2+ 32. Kf2 Rf8 33. h5 Qe3+ 34.
Kf1 Qxf3+ 35. Ke1 Rb8 36. Nc1 Rb1 37. Bg5 Qxg4 38. d5 Qg1+ 39. Ke2 Qxg5 40.
dxe6 Qe3+ 0-1

[Event "OLOA 1920 SK König Plauen I - Nickelhüt"]
[Site "?"]
[Date "2021.07.17"]
[Round "10.8"]
[White "Elstner, Florian"]
[Black "Friedel, Manuel"]
[Result "0-1"]
[WhiteElo "1588"]
[BlackElo "1884"]
[PlyCount "68"]
[EventDate "2021.??.??"]
[EventType "team-tourn"]

1. d4 d5 2. c4 c6 3. Nc3 Nf6 4. cxd5 cxd5 5. Bg5 e6 6. e3 Nc6 7. Bd3 Be7 8.
Nge2 O-O 9. a3 e5 10. dxe5 Nxe5 11. Bc2 Be6 12. O-O Rc8 13. Bb3 Nc4 14. Qc2 Qb6
15. Nd4 Rfd8 16. Rac1 Bg4 17. Nxd5 Rxd5 18. Bxf6 Bxf6 19. Qe4 Rxd4 20. exd4
Qxb3 21. Qxg4 Rd8 22. d5 Ne5 23. Qf5 Qxd5 24. Rc8 Qd6 25. Re1 g6 26. Rxd8+ Qxd8
27. Qe4 Qd7 28. Qf4 Kg7 29. g3 Qd5 30. Re3 h6 31. b4 Nc6 32. Rf3 Be5 33. Qe3
Nd4 34. Rxf7+ Kxf7 0-1

[Event "OLOA 1920 SK König Plauen II - SG Leipz"]
[Site "?"]
[Date "2021.07.17"]
[Round "10.2"]
[White "Fischer, Erik"]
[Black "Richter, Leonard"]
[Result "0-1"]
[WhiteElo "2014"]
[BlackElo "2272"]
[PlyCount "116"]
[EventDate "2021.??.??"]
[EventType "team-tourn"]

1. e4 c5 2. Nf3 d6 3. d4 cxd4 4. Qxd4 Nc6 5. Bb5 Bd7 6. Bxc6 Bxc6 7. Nc3 Nf6 8.
Bg5 e6 9. O-O-O Be7 10. Rhe1 O-O 11. Kb1 Qa5 12. Qd2 Rfd8 13. Bxf6 Bxf6 14. Nd5
Qxd2 15. Nxf6+ gxf6 16. Rxd2 Kf8 17. Nd4 Rac8 18. Rd3 Ke7 19. Rh3 Rg8 20. g3
Rg7 21. Rh6 Bd7 22. c3 Rh8 23. h4 Rg6 24. Rh5 Rg4 25. Kc2 e5 26. Nf5+ Bxf5 27.
Rxf5 Ke6 28. Rf3 Rc8 29. Rd3 Rc4 30. Red1 Rc6 31. Re3 f5 32. exf5+ Kxf5 33.
Red3 Ke6 34. R1d2 f5 35. Kd1 h5 36. Ke1 Ke7 37. Rf3 Ke6 38. Rfd3 f4 39. Kf1 Ke7
40. Rf3 Rc4 41. Rfd3 Rg6 42. Kg2 fxg3 43. fxg3 Rxh4 44. Rxd6 Rxd6 45. Rxd6 Rh2+
46. Kxh2 Kxd6 47. Kg2 Ke6 48. Kf3 Kf5 49. c4 a5 50. b3 e4+ 51. Ke3 Kg4 52. a3
Kxg3 53. b4 axb4 54. axb4 h4 55. c5 h3 56. b5 h2 57. c6 bxc6 58. bxc6 h1=Q 0-1

[Event "OLOA 1920 SK König Plauen II - SG Leipz"]
[Site "?"]
[Date "2021.07.17"]
[Round "10.3"]
[White "Nguyen, Alex Dac-Vuong"]
[Black "Paul, Mathias"]
[Result "1/2-1/2"]
[WhiteElo "2298"]
[BlackElo "2150"]
[PlyCount "58"]
[EventDate "2021.??.??"]
[EventType "team-tourn"]

1. e4 c5 2. Nf3 Nc6 3. Bb5 g6 4. O-O Bg7 5. c3 Nf6 6. Re1 O-O 7. d4 cxd4 8.
cxd4 d5 9. e5 Ne4 10. Be3 Qb6 11. Bxc6 bxc6 12. Qc1 Rb8 13. b3 Bd7 14. Nc3 Nxc3
15. Qxc3 a5 16. Bd2 Ra8 17. Rac1 a4 18. b4 a3 19. Re3 Bh6 20. Rd3 Bg7 21. Bg5
f6 22. exf6 exf6 23. Bf4 Rfe8 24. Bd6 Bh6 25. Re1 Rxe1+ 26. Qxe1 Qa6 27. Rb3
Qc4 28. Qc3 Qe2 29. Qa1 Bf5 1/2-1/2

[Event "OLOA 1920 SK König Plauen II - SG Leipz"]
[Site "?"]
[Date "2021.07.17"]
[Round "10.4"]
[White "Beyer, Christof"]
[Black "Heistermann, Till"]
[Result "0-1"]
[WhiteElo "2028"]
[BlackElo "2168"]
[PlyCount "124"]
[EventDate "2021.??.??"]
[EventType "team-tourn"]

1. e4 c5 2. Nf3 e6 3. d4 cxd4 4. Nxd4 a6 5. c4 Qc7 6. Nc3 Nf6 7. a3 d6 8. Be3
b6 9. Rc1 Bb7 10. f3 Nbd7 11. Be2 Be7 12. O-O Rc8 13. b4 Qb8 14. Nb3 Bd8 15.
Qd2 Bc7 16. Bf4 Nh5 17. Be3 Nhf6 18. Bf4 Nh5 19. Be3 O-O 20. g4 Nhf6 21. g5 Ne8
22. f4 Qa8 23. Bf3 g6 24. Qg2 Ng7 25. Ne2 f5 26. Ng3 e5 27. exf5 Bxf3 28. Qxf3
Qxf3 29. Rxf3 Nxf5 30. Nxf5 Rxf5 31. Rcf1 Bd8 32. Nd2 exf4 33. Bxf4 Bxg5 34.
Ne4 Be7 35. Nxd6 Bxd6 36. Bxd6 Rxf3 37. Rxf3 Rxc4 38. Re3 Nf6 39. h3 Ne4 40.
Be5 Kf7 41. Kg2 Rc2+ 42. Kh1 Nd2 43. Re2 Rc1+ 44. Kg2 Nc4 45. Bd4 Rd1 46. Re4
Rd2+ 47. Kg1 Rd3 48. Bf2 b5 49. a4 Rxh3 50. axb5 axb5 51. Bc5 h5 52. Kg2 Rd3
53. Re7+ Kf6 54. Rb7 Na3 55. Rb6+ Kf5 56. Be7 g5 57. Rf6+ Kg4 58. Rg6 Rd2+ 59.
Kg1 Rd5 60. Bc5 h4 61. Ra6 Nc4 62. Ra8 h3 0-1

[Event "OLOA 1920 SK König Plauen II - SG Leipz"]
[Site "?"]
[Date "2021.07.17"]
[Round "10.5"]
[White "Roesemann, Rainer"]
[Black "Pfeufer, Lion"]
[Result "1/2-1/2"]
[WhiteElo "2269"]
[BlackElo "2031"]
[PlyCount "66"]
[EventDate "2021.??.??"]
[EventType "team-tourn"]

1. c4 Nf6 2. g3 g6 3. Bg2 Bg7 4. Nc3 O-O 5. e4 e5 6. Nge2 Nc6 7. d3 d6 8. O-O
Ne8 9. Be3 f5 10. Qd2 Nf6 11. Bg5 Ne7 12. Rad1 c6 13. d4 Qe8 14. dxe5 dxe5 15.
f4 Nxe4 16. Nxe4 fxe4 17. fxe5 Bg4 18. Rxf8+ Qxf8 19. Rf1 Nf5 20. Nc3 Qc5+ 21.
Kh1 e3 22. Qd3 Bxe5 23. Ne4 Qa5 24. Bxe3 Rd8 25. Qb3 Nxe3 26. Qxe3 Bf5 27. b4
Qxb4 28. Rxf5 gxf5 29. Qg5+ Kf7 30. Qxf5+ Kg8 31. Qg5+ Kf7 32. Qf5+ Kg8 33.
Qg5+ Kf7 1/2-1/2

[Event "OLOA 1920 SK König Plauen II - SG Leipz"]
[Site "?"]
[Date "2021.07.17"]
[Round "10.7"]
[White "Rausch, Stephan"]
[Black "Merkel, Toni"]
[Result "1-0"]
[WhiteElo "2279"]
[BlackElo "1920"]
[PlyCount "69"]
[EventDate "2021.??.??"]
[EventType "team-tourn"]

1. d4 Nf6 2. Nf3 g6 3. c4 Bg7 4. Nc3 O-O 5. e4 d6 6. h3 c6 7. Be3 Qc7 8. Be2
Nbd7 9. O-O e5 10. d5 Ne8 11. b4 f5 12. c5 fxe4 13. Nxe4 Ndf6 14. cxd6 Qd8 15.
Nxf6+ Qxf6 16. dxc6 Nxd6 17. Qd5+ Qe6 18. Qxe6+ Bxe6 19. Ng5 Bc4 20. Bxc4+ Nxc4
21. cxb7 Rab8 22. Bxa7 Rxb7 23. Bc5 Ra8 24. Ne4 Nb2 25. Rfb1 Nd3 26. a4 Bf8 27.
Bxf8 Kxf8 28. b5 Rab8 29. g3 Rc7 30. Ra3 Rc4 31. Rxd3 Rxe4 32. Ra3 Ke7 33. b6
Re2 34. b7 Rc2 35. a5 1-0

[Event "OLOA 1920 SK König Plauen II - SG Leipz"]
[Site "?"]
[Date "2021.07.17"]
[Round "10.8"]
[White "Franz, Tobias"]
[Black "Liedtke, Matthias"]
[Result "0-1"]
[WhiteElo "1850"]
[BlackElo "2235"]
[PlyCount "66"]
[EventDate "2021.??.??"]
[EventType "team-tourn"]

1. e4 e6 2. d4 d5 3. exd5 exd5 4. Nf3 Nc6 5. Be2 Bd6 6. Nc3 Nf6 7. Bg5 Be6 8.
O-O h6 9. Be3 O-O 10. h3 a6 11. a3 Qd7 12. Qd2 Ne4 13. Nxe4 dxe4 14. Nh2 Rad8
15. c3 Na5 16. Rad1 Nc4 17. Bxc4 Bxc4 18. Rfe1 f5 19. f4 Bb3 20. Rc1 b5 21. Nf1
c6 22. Qf2 Qf7 23. Nd2 Bd5 24. Kh2 Kh7 25. Rg1 g5 26. g3 Rg8 27. Rce1 Rg7 28.
Ref1 Be6 29. Re1 Rdg8 30. Rg2 Qc7 31. Rf1 Qb8 32. Kh1 gxf4 33. Bxf4 Bxf4 0-1

[Event "OLOA 1920 SV Sangerhausen - SG G-W Dres"]
[Site "?"]
[Date "2021.07.17"]
[Round "10.2"]
[White "Engelmann, Jakob"]
[Black "Zimmermann, Rene"]
[Result "1-0"]
[WhiteElo "2263"]
[BlackElo "2201"]
[PlyCount "49"]
[EventDate "2021.??.??"]
[EventType "team-tourn"]

1. d4 d5 2. c4 e6 3. Nc3 c6 4. cxd5 exd5 5. Qc2 f5 6. Bf4 Nf6 7. e3 Be7 8. Bd3
Ne4 9. f3 Nxc3 10. bxc3 O-O 11. Ne2 Be6 12. Rb1 b5 13. e4 Qd7 14. a4 b4 15.
cxb4 fxe4 16. fxe4 Bg4 17. O-O dxe4 18. Bxe4 Bxe2 19. Qxe2 Qxd4+ 20. Kh1 Bxb4
21. Be5 Qc5 22. Qh5 g6 23. Bxg6 Qe7 24. Bxh7+ Qxh7 25. Qg5+ 1-0

[Event "OLOA 1920 SV Sangerhausen - SG G-W Dres"]
[Site "?"]
[Date "2021.07.17"]
[Round "10.3"]
[White "Schnoor, Ekkehard"]
[Black "Heyder, Florian"]
[Result "0-1"]
[WhiteElo "2106"]
[BlackElo "2210"]
[PlyCount "78"]
[EventDate "2021.??.??"]
[EventType "team-tourn"]

1. e4 e5 2. Nf3 d6 3. g3 Nf6 4. d3 Be7 5. Bg2 O-O 6. O-O Re8 7. h3 Bf8 8. Nc3
c6 9. d4 Qc7 10. a4 a5 11. d5 Na6 12. Nh4 Nc5 13. Bg5 Be7 14. Be3 Bd7 15. Nf5
Nxd5 16. Nh6+ gxh6 17. exd5 Kh8 18. Bxh6 Rg8 19. Be3 Rg6 20. Qe2 f5 21. Rad1
Na6 22. Kh2 Nb4 23. Rg1 Rc8 24. f4 Bf6 25. Qf2 c5 26. Bf1 e4 27. Qd2 Rcg8 28.
Nb5 Qb8 29. c3 Na6 30. Be2 Be7 31. Qc2 Nc7 32. Na3 Qe8 33. Nc4 Qa8 34. Nb6 Qd8
35. Qb3 Be8 36. Nc4 Qa8 37. Qb6 Bd8 38. Qxa5 Na6 39. Nb6 Qb8 0-1